00286pam a2200121 a 4500020000500000041000500005082000800010100003300018245004400051250000800095260005300103300000800156 c h a331 aBHATTACHARYYA (D.K.)eauthor aIndustrial ManagementhTextual Document a1st bVikas Publishing House Pvt. Ltd. New Delhic2010 a528